|
|
|
|
| LEADER |
00000cas a2200000 a 4500 |
| 001 |
vtls010300270 |
| 003 |
SK-MaSNL |
| 005 |
20260228163016.0 |
| 008 |
110810d19351939xo wr|ne 0 b0slo |
| 040 |
|
|
|a SNK
|b slo
|c SNK
|e AACR2
|
| 041 |
0 |
|
|a slo
|
| 044 |
|
|
|a xo
|c SK
|
| 072 |
|
7 |
|a 316.7
|x Sociológia kultúry. Kultúrny život
|2 konspekt
|
| 080 |
|
|
|a 316.728
|2 2011
|
| 080 |
|
|
|a 050
|2 2001
|
| 080 |
|
|
|a (051)+(054)(437.6)
|2 2011
|
| 245 |
0 |
0 |
|a Naše noviny
|b spoločensko-hospodársky nepolitický týždenník
|
| 260 |
|
|
|a Banská Bystrica
|b Družstvo Naše Noviny
|c 1935-1939
|
| 300 |
|
|
|a 5 zv.
|c 42-44 cm
|
| 310 |
|
|
|a 1x týždenne
|
| 362 |
0 |
|
|a Roč. I [IV.], č. 1 (15.3.1935)-roč. VIII, č. 5 (3.2.1939)
|
| 500 |
|
|
|a Od r. 1939 bez podnázvu
|
| 500 |
|
|
|a Od r. 1939 rozmer zv. 44 cm
|
| 500 |
|
|
|a Zodp. red.: O. Žabka ; od 39/1935 Matej Zaťko
|
| 500 |
|
|
|a Tlač.: O. Žabka, Banská Bystrica ; od 27/1938 Lev, Ružomberok
|
| 500 |
|
|
|a Predchádzajúci titul: Banskobystrické noviny
|
| 650 |
0 |
7 |
|a spoločenský život
|2 SNKPH
|9 28654
|
| 655 |
|
7 |
|a regionálne periodiká
|2 SNKPH
|9 131775
|
| 700 |
1 |
|
|a Žabka, Ondrej
|4 Iso
|4 prt
|9 272758
|
| 700 |
1 |
|
|a Zaťko, Matej,
|d 1908-1983
|4 Iso
|9 38514
|
| 780 |
0 |
0 |
|t Banskobystrické noviny
|
| 910 |
|
|
|a snk
|
| 999 |
|
|
|c 8716
|d 10646
|
| 952 |
|
|
|0 0
|1 0
|4 0
|7 0
|8 5
|a SNK
|b SNK
|d 2006-12-19
|i snkF 3388/68
|l 0
|o snkČSA 982/6/1937
|p 17A0532948
|r 2026-02-21 20:05:25
|t č. 1-53, neúplné
|w 2026-02-21
|y PREZ
|z Chýba č. 38
|
| 952 |
|
|
|0 0
|1 0
|4 0
|7 0
|8 5
|a SNK
|b SNK
|d 2006-12-19
|i snkF 3238/68
|l 0
|o snkČSA 982/1[4]/1935
|p 17A0532997
|r 2026-02-21 20:05:25
|w 2026-02-21
|y PREZ
|
| 952 |
|
|
|0 0
|1 0
|4 0
|7 0
|8 5
|a SNK
|b SNK
|d 2006-12-19
|i snkF 3231
|l 0
|o snkČSA 982/5/1936
|p 17A0532949
|r 2026-02-21 20:05:26
|t č. 1-52
|w 2026-02-21
|y PREZ
|
| 952 |
|
|
|0 0
|1 0
|4 0
|7 0
|a SNK
|b SNK
|d 1997-01-03
|l 0
|o snkČSA 982/8/1939
|p 17A0028781
|r 2005-01-01 00:00:00
|t č. 1-5
|w 2026-02-21
|y PREZ
|